| 000 | 02227cgm a22004337a 4500 | ||
|---|---|---|---|
| 001 | 11609837 | ||
| 003 | OSt | ||
| 005 | 20140310182254.0 | ||
| 007 | mrucdaafu | ||
| 008 | 921027s1992 xxu098 mleng | ||
| 010 | _a 92519770 | ||
| 017 |
_aPA572-494 _bU.S. Copyright Office |
||
| 040 |
_aDLC _cDLC _dDLC _eamim _dDLC |
||
| 043 |
_aa-vt--- _an-us--- |
||
| 050 |
_aU 51 _b.R847 1992 |
||
| 082 |
_aFIC _bR74w 1992 |
||
| 100 |
_aRothstein, Richard _920201 |
||
| 245 | 0 | 0 |
_aUniversal soldier / _cCarolco, an IndieProd production in association with Centropolis Film Productions ; directed by Roland Emmerich ; produced by Allen Shapiro, Craig Baumgarten, Joel B. Michaels ; written by Richard Rothstein, Christopher Leitch and Dean Devlin. |
| 257 | _aU.S. | ||
| 260 |
_aUnited States : _bTriStar Pictures, _c1992. |
||
| 300 |
_a12 reels of 12 on 6 (ca. 8820 ft.) : _bsd., col., anamorphic ; _c35 mm. ref print. |
||
| 500 | _aCopyright: Carolco Pictures, Inc. Prev.: screenplay prev. reg. 1991, PAu1-542-232. NM: motion picture excluding screenplay. DCR 1992; PUB 10Jul92; REG 20Jul92; PA572-494. | ||
| 500 | _aBaseline, 10/27/92 lists Universal Soldier Inc. and Adelson/Baumgarten Productions as production companies. | ||
| 500 | _aSources used: Variety, 7/13/92, p. 42; Hartford courant, 7/10/92; Baseline, 10/27/92. | ||
| 508 | _aExecutive producer, Mario Kassar ; music by Christopher Franke ; special make-up effects by Larry R. Hamlin and Michael Barnett ; edited by Michael J. Duthie ; director of photography, Karl Walter Lindenlaub. | ||
| 511 | 1 | _aJean-Claude Van Damme, Dolph Lundgren, Ally Walker, Ed O'Ross. | |
| 650 | 0 |
_aVietnam War, 1961-1975 _zUnited States _vDrama. _920202 |
|
| 655 | 7 |
_aWar films and programs. _2mim _920203 |
|
| 655 | 7 |
_aDrama. _2mim _920204 |
|
| 655 | 7 |
_aFeatures. _2mim _920205 |
|
| 700 | 1 |
_aEmmerich, Roland, _edirection. _920206 |
|
| 700 | 1 |
_aRothstein, Richard, _d1943- _ewriting. _920207 |
|
| 700 | 1 |
_aDamme, Jean-Claude van, _d1960- _ecast. _920208 |
|
| 700 | 1 |
_aLundgren, Dolph, _d1959- _ecast. _920209 |
|
| 710 | 2 |
_aCopyright Collection (Library of Congress) _5DLC _93704 |
|
| 906 |
_a7 _bcbc _corignew _du _encip _f19 _gy-movingim |
||
| 942 |
_2lcc _cBK-FIC |
||
| 999 |
_c11429 _d11429 |
||